<?xml version="1.0" encoding="UTF-8"?>
<record
    xmlns:xsi="http://www.w3.org/2001/XMLSchema-instance"
    xsi:schemaLocation="http://www.loc.gov/MARC21/slim http://www.loc.gov/standards/marcxml/schema/MARC21slim.xsd"
    xmlns="http://www.loc.gov/MARC21/slim">

  <leader>00485nam a22000977a 4500</leader>
  <controlfield tag="008">190410|           ||| | ||||||0| ||spa d</controlfield>
  <datafield tag="245" ind1=" " ind2=" ">
    <subfield code="a">Hueso Frontal</subfield>
  </datafield>
  <datafield tag="300" ind1=" " ind2=" ">
    <subfield code="e">Hueso Frontal</subfield>
  </datafield>
  <datafield tag="653" ind1=" " ind2=" ">
    <subfield code="a"> Hueso impar, central, sim&#xE9;trico y plano</subfield>
    <subfield code="a">Tien dos caras (endocraneal y exocraneal) y un borde circunferencial</subfield>
    <subfield code="a">Se encuentra en la parte anterosuperior del cr&#xE1;neo por delante de los huesos parietales, por arriba del esfenoides, y por encima del etmoides y el macizo facial</subfield>
  </datafield>
  <datafield tag="942" ind1=" " ind2=" ">
    <subfield code="c">HUESOS</subfield>
    <subfield code="2">ddc</subfield>
  </datafield>
  <datafield tag="999" ind1=" " ind2=" ">
    <subfield code="c">3179</subfield>
    <subfield code="d">3179</subfield>
  </datafield>
  <datafield tag="952" ind1=" " ind2=" ">
    <subfield code="0">0</subfield>
    <subfield code="1">0</subfield>
    <subfield code="2">ddc</subfield>
    <subfield code="4">0</subfield>
    <subfield code="7">0</subfield>
    <subfield code="a">BFM</subfield>
    <subfield code="b">BFM</subfield>
    <subfield code="d">2023-08-14</subfield>
    <subfield code="e">Donaci&#xF3;n  Agosto 2023</subfield>
    <subfield code="l">1</subfield>
    <subfield code="p">HFRO 133</subfield>
    <subfield code="r">2024-05-13</subfield>
    <subfield code="s">2024-05-13</subfield>
    <subfield code="t">Ej. 1</subfield>
    <subfield code="w">0000-00-00</subfield>
    <subfield code="y">HUESOS</subfield>
    <subfield code="z">Donaci&#xF3;n  Agosto 2023</subfield>
    <subfield code="f"></subfield>
  </datafield>
</record>
